Human rights. (Record no. 994)

MARC details
000 -LEADER
fixed length control field 00427cam a2200181ua 4500
008 - FIXED-LENGTH DATA ELEMENTS--GENERAL INFORMATION
fixed length control field 110427n ii |||gr||||Z||||||eng
040 ## - CATALOGING SOURCE
Transcribing agency MAIN
082 ## - DEWEY DECIMAL CLASSIFICATION NUMBER
Classification number 323.4
245 1# - TITLE STATEMENT
Title Human rights.
Statement of responsibility, etc. By A N Sen.
250 ## - EDITION STATEMENT
Edition statement 1st.
260 ## - PUBLICATION, DISTRIBUTION, ETC.
Place of publication, distribution, etc. Hariyana.:
Name of publisher, distributor, etc. Sai law publications.,
Date of publication, distribution, etc. 2002.
300 ## - PHYSICAL DESCRIPTION
Extent 540 p.:
Dimensions 25 cm.
700 1# - ADDED ENTRY--PERSONAL NAME
Personal name Sen, A N.,
942 ## - ADDED ENTRY ELEMENTS (KOHA)
Koha item type Books
653 ## - INDEX TERM--UNCONTROLLED
Uncontrolled term Political science.
653 ## - INDEX TERM--UNCONTROLLED
Uncontrolled term Human rights.
Holdings
Withdrawn status Lost status Damaged status Not for loan Home library Current library Shelving location Date acquired Total Checkouts Full call number Barcode Date last seen Date last checked out Copy number Price effective from Koha item type
        Central Library, Naharkatiya College Central Library, Naharkatiya College General Stacks 19/09/2020 1 323.4 | SEN 4320 29/04/2022 25/04/2022 1 19/09/2020 Books

Naharkatiya College © 2020. All rights reserved.

Powered By